ბათუმის შოთა რუსთაველის სახელმწიფო უნივერსიტეტის ბიბლიოთეკა

30 главных правил делового этикета. (ბიბ.ჩანაწერი № 35249)

000 -LEADER
fixed length control field 00648nam a2200229Ia 4500
001 - CONTROL NUMBER
control field 1096
003 - CONTROL NUMBER IDENTIFIER
control field GE_BSU
008 - FIXED-LENGTH DATA ELEMENTS--GENERAL INFORMATION
fixed length control field 181216s||||||||xx |||||||||||||| ||und||
020 ## - INTERNATIONAL STANDARD BOOK NUMBER
International Standard Book Number 9851342432
040 ## - CATALOGING SOURCE
Transcribing agency GE_BSU
080 ## - UNIVERSAL DECIMAL CLASSIFICATION NUMBER
Universal Decimal Classification number 174
245 ## - TITLE STATEMENT
Title 30 главных правил делового этикета.
245 ## - TITLE STATEMENT
Remainder of title Как вести себя в деловом обществе.
245 ## - TITLE STATEMENT
Statement of responsibility, etc. Авт-сост.Т.И.Ревяко
260 ## - PUBLICATION, DISTRIBUTION, ETC.
Place of publication, distribution, etc. Минск
260 ## - PUBLICATION, DISTRIBUTION, ETC.
Name of publisher, distributor, etc. Харвест
260 ## - PUBLICATION, DISTRIBUTION, ETC.
Date of publication, distribution, etc. 2005
300 ## - PHYSICAL DESCRIPTION
Extent 96стр.
653 ## - INDEX TERM--UNCONTROLLED
Uncontrolled term 30 главных правил делового этикета
942 ## - ADDED ENTRY ELEMENTS (KOHA)
Koha item type წიგნი
ეგზემპლარები
Withdrawn status Lost status Damaged status Not for loan Date acquired Barcode Date last seen Price effective from Koha item type
        2018-12-17 1675 2018-12-17 2018-12-17 წიგნი